000 00601nam a2200241Ia 4500
003 OSt
005 20221005123047.0
006 a|||||r|||| 00| 0
007 ta
008 221004b |||||||| |||| 00| 0 eng d
024 _a37798
037 _cTextual
040 _aCRL
_cCRL
_beng
041 _2eng
_aeng
082 _aO:2J64:11, G3
100 _aShakespeare William
245 0 _aKing John
260 _c1923
490 _aRed letter shakespeare
650 _aSHAKESPEARE, WILLIAM
942 _hO:2J64:11, G3
_cTEXL
_2cc
999 _c1046259
_d1046259